<?xml version="1.0" encoding="UTF-8"?>
<collection xmlns="http://www.loc.gov/MARC21/slim">
 <record>
  <leader>01366nam a2200217Ia 4500</leader>
  <controlfield tag="001">CTU_174653</controlfield>
  <controlfield tag="008">210402s9999    xx            000 0 und d</controlfield>
  <datafield tag="082" ind1=" " ind2=" ">
   <subfield code="a">512.2</subfield>
  </datafield>
  <datafield tag="082" ind1=" " ind2=" ">
   <subfield code="b">Qu605</subfield>
  </datafield>
  <datafield tag="088" ind1=" " ind2=" ">
   <subfield code="a">60460104</subfield>
  </datafield>
  <datafield tag="100" ind1=" " ind2=" ">
   <subfield code="a">Nguyễn, Phương Quyết</subfield>
  </datafield>
  <datafield tag="245" ind1=" " ind2="0">
   <subfield code="a">Nhóm con đại số của nhóm tuyến tính bậc hai :</subfield>
  </datafield>
  <datafield tag="245" ind1=" " ind2="0">
   <subfield code="b">Luận văn thạc sĩ. Chuyên ngành: Đại số và lý thuyết số</subfield>
  </datafield>
  <datafield tag="245" ind1=" " ind2="0">
   <subfield code="c">Nguyễn Phương Quyết ; Nguyễn An Khương (Người hướng dẫn khoa học)</subfield>
  </datafield>
  <datafield tag="260" ind1=" " ind2=" ">
   <subfield code="a">Cần Thơ</subfield>
  </datafield>
  <datafield tag="260" ind1=" " ind2=" ">
   <subfield code="b">Trường Đại học Cần Thơ</subfield>
  </datafield>
  <datafield tag="260" ind1=" " ind2=" ">
   <subfield code="c">2012</subfield>
  </datafield>
  <datafield tag="520" ind1=" " ind2=" ">
   <subfield code="a">Ngoài phần mở đầu và kết luận , luận văn gồm 3 chương: Giới thiệu các khái niệm cần thiết cho luận văn, trình bày lại các kết quả kinh điển có liên quan đến luận văn; Trình bày lại kết quả với các chứng minh chi tiết trong bài báo; Nêu lên một số ứng dụng nhỏ của kết quả phân loại trên vào lý thuyết các đường cong đại số.</subfield>
  </datafield>
  <datafield tag="650" ind1=" " ind2=" ">
   <subfield code="a">Lý thuyết nhóm,Group theory,Algebra,Đại số</subfield>
  </datafield>
  <datafield tag="904" ind1=" " ind2=" ">
   <subfield code="i">Cẩm Thân, Tuyến</subfield>
  </datafield>
  <datafield tag="980" ind1=" " ind2=" ">
   <subfield code="a">Trung tâm Học liệu Trường Đại học Cần Thơ</subfield>
  </datafield>
 </record>
</collection>
